[Event "FIDE World Uni Rapid-C 1st"]
[Site "Tornelo INT"]
[Date "2021.03.20"]
[Round "5"]
[White "Constanzo Vivanco, Mario Felipe"]
[Black "Rakhimzhan, Alen"]
[Result "0-1"]
[WhiteElo "2008"]
[BlackElo "2273"]
[PlyCount "84"]
[EventDate "2021.03.20"]
[EventType "swiss (rapid)"]
[EventRounds "12"]
[EventCountry "NET"]
[SourceTitle "CBM 201 Extra"]
[Source "ChessBase"]
[SourceDate "2021.05.31"]
[SourceVersion "1"]
[SourceVersionDate "2021.05.31"]
[SourceQuality "1"]

1. e4 Nf6 2. Nc3 e5 3. g3 Nc6 4. Bg2 Bc5 5. h3 a6 6. Nge2 d6 7. a3 Ba7 8. b4 0-0 9. 0-0 a5 10. b5 Nd4 11. a4 Be6 12. d3 c6 13. Be3 d5 14. exd5 cxd5 15. b6 Bxb6 16. Bxd4 exd4 17. Nb5 Nd7 18. Rb1 Nc5 19. Ra1 Qd7 20. Kh2 Nxa4 21. Nbxd4 Nc3 22. Qd2 Nxe2 23. Nxe2 a4 24. Nf4 Bc5 25. d4 Be7 26. Rfb1 b5 27. Nd3 Rfc8 28. Ne5 Qc7 29. Rxb5 Qxc2 30. Qf4 a3 31. Rbb1 a2 32. Rf1 Bd6 33. Qe3 Qc3 34. Qe2 Qxd4 35. Nf3 Qc4 36. Qd2 Bb4 37. Qe3 Bc3 38. Ne5 Qd4 39. Nf3 Qxe3 40. fxe3 Bxa1 41. Rxa1 Rcb8 42. Nd2 Rb2 0-1

[Event "FIDE World Uni Blitz-A 1st"]
[Site "Tornelo INT"]
[Date "2021.03.13"]
[Round "8.55"]
[White "Morata, Jules"]
[Black "Constanzo Vivanco, Mario Felipe"]
[Result "0-1"]
[WhiteElo "1568"]
[BlackElo "2008"]
[PlyCount "72"]
[EventDate "2021.03.13"]
[EventType "swiss (blitz)"]
[EventRounds "10"]
[EventCountry "NET"]
[SourceTitle "EXT 2022"]
[Source "ChessBase"]
[SourceDate "2021.10.06"]
[SourceVersion "1"]
[SourceVersionDate "2021.10.06"]
[SourceQuality "1"]

1. e4 c5 2. d4 cxd4 3. c3 g6 4. cxd4 Bg7 5. Nf3 d5 6. e5 Bg4 7. Be3 e6 8. h3 Bxf3 9. Qxf3 Nc6 10. Bb5 Nge7 11. Nd2 0-0 12. Nb3 a6 13. Bd3 Rc8 14. 0-0 f6 15. exf6 Rxf6 16. Qe2 Rf8 17. Rac1 Nf5 18. Bxf5 Rxf5 19. Rfd1 Bf8 20. Nc5 Bxc5 21. dxc5 e5 22. Bh6 Qd7 23. g4 Rf7 24. Qd2 d4 25. Qe2 Qd5 26. Bg5 e4 27. Re1 Qxg5 28. Qxe4 Re7 29. Qf3 Rce8 30. Rxe7 Qxc1+ 31. Kg2 Rxe7 32. Qd5+ Kg7 33. b4 Qf4 34. a3 Qe4+ 35. Qxe4 Rxe4 36. Kf3 Re7 0-1

[Event "Temuco Universidad de La Frontera"]
[Site "Temuco"]
[Date "2018.07.??"]
[Round "3.1"]
[White "Constanzo Vivanco, Mario Felipe"]
[Black "Larama Denis, Giovanni Andre"]
[Result "1-0"]
[WhiteElo "2013"]
[BlackElo "1644"]
[PlyCount "87"]
[EventDate "2018.07.07"]
[EventType "tourn"]
[EventRounds "6"]
[EventCountry "CHI"]
[SourceTitle "EXT 2024"]
[Source "ChessBase"]
[SourceDate "2023.10.10"]
[SourceVersion "1"]
[SourceVersionDate "2023.10.10"]
[SourceQuality "1"]

1. d4 c5 2. d5 e6 3. c4 b5 4. cxb5 a6 5. b6 Qxb6 6. Nc3 Bb7 7. Nf3 Nf6 8. e4 Nxe4 9. Nxe4 Qb4+ 10. Ned2 Bxd5 11. Bd3 c4 12. Be2 c3 13. bxc3 Qxc3 14. Rb1 Bxa2 15. Bb2 Qb4 16. Bxg7 Bxb1 17. Bxh8 Bf5 18. 0-0 Nc6 19. Qa1 a5 20. Nc4 a4 21. Bc3 Qb8 22. Ne3 Be4 23. Ng4 Bg6 24. Rd1 d5 25. Nh4 Bc2 26. Rc1 Qb3 27. Ne3 Bg6 28. Nxg6 hxg6 29. Rb1 Qa3 30. Qxa3 Bxa3 31. Bb5 Kd7 32. Ra1 Bc5 33. Bxa4 Kd6 34. Bxc6 Rxa1+ 35. Bxa1 Kxc6 36. Kf1 f5 37. Be5 d4 38. Nd1 Kd5 39. f4 Ke4 40. Ke2 d3+ 41. Kf1 d2 42. Ke2 Bb4 43. Nf2+ Kd5 44. Kd3 1-0